SHARMA & SHARMA'S PRINCIPLES PHARMACOLOGY (Record no. 29029)

MARC details
000 -LEADER
fixed length control field 00408nam a22001697a 4500
003 - CONTROL NUMBER IDENTIFIER
control field SGT
020 ## - INTERNATIONAL STANDARD BOOK NUMBER
International Standard Book Number 9788181915504
082 ## - DEWEY DECIMAL CLASSIFICATION NUMBER
Classification number 615
Item number S23S
100 ## - MAIN ENTRY--PERSONAL NAME
Personal name SHARMA,H.L.
245 ## - TITLE STATEMENT
Title SHARMA & SHARMA'S PRINCIPLES PHARMACOLOGY
250 ## - EDITION STATEMENT
Edition statement 4TH
260 ## - PUBLICATION, DISTRIBUTION, ETC. (IMPRINT)
Place of publication, distribution, etc HYDERABAD
Name of publisher, distributor, etc PARAS MEDICAL PUB.
Year of Publication 2023
300 ## - PAGE DESCRIPTION
No. of Pages 1064
650 ## - SUBJECT ADDED ENTRY--TOPICAL TERM
Topical term or geographic name as entry element PHARMACOLOGY
653 ## - KEYWORDS--INDEX TERM
Keyword term SHARMA, PRINCIPLES, PHARMACOLOGY
942 ## - ADDED ENTRY ELEMENTS (KOHA)
Source of classification or shelving scheme Dewey Decimal Classification
Koha item type Books
Holdings
Withdrawn status Lost status Source of classification or shelving scheme Damaged status Not for loan Collection code Home library Current library Shelving location Date acquired Vendor Name Cost, normal purchase price SGTU Bill Number Total Checkouts Full call number Accession No. (Barcode) Date last seen Bill Date Koha item type
    Dewey Decimal Classification     AYURVEDA SGT FA-FP Library SGT FA-FP Library Text Book 16/01/2025 AHUJA PUB. 1695.00 SGTU 19920   615 S23S FA12511 16/01/2025 21/11/2024 Books
    Dewey Decimal Classification     AYURVEDA SGT FA-FP Library SGT FA-FP Library Text Book 16/01/2025 AHUJA PUB. 1695.00 SGTU 19920   615 S23S FA12512 16/01/2025 21/11/2024 Books
    Dewey Decimal Classification     AYURVEDA SGT FA-FP Library SGT FA-FP Library Text Book 16/01/2025 AHUJA PUB. 1695.00 SGTU 19920   615 S23S FA12513 16/01/2025 21/11/2024 Books
    Dewey Decimal Classification     AYURVEDA SGT FA-FP Library SGT FA-FP Library Text Book 16/01/2025 AHUJA PUB. 1695.00 SGTU 19920   615 S23S FA12514 16/01/2025 21/11/2024 Books
    Dewey Decimal Classification     AYURVEDA SGT FA-FP Library SGT FA-FP Library Text Book 16/01/2025 AHUJA PUB. 1695.00 SGTU 19920   615 S23S FA12515 16/01/2025 21/11/2024 Books